[Event "PRO League KO Stage 2017"]
[Site "chess.com INT"]
[Date "2017.03.25"]
[Round "4.4"]
[White "Carlsen, M."]
[Black "Jobava, Ba"]
[Result "0-1"]
[WhiteElo "2838"]
[BlackElo "2701"]
[PlyCount "132"]
[EventDate "2017.03.01"]
[WhiteTeam "Norway Gnomes"]
[BlackTeam "Miami Champions"]

1. Nf3 Nf6 2. g3 g6 3. b3 Bg7 4. Bb2 O-O 5. Bg2 a5 6. O-O a4 7. c4 d6 8. d4
Nbd7 9. Nc3 Nb6 10. Qc2 d5 11. c5 a3 12. Bxa3 Rxa3 13. cxb6 cxb6 14. Rfc1 Bf5
15. Qb2 Ra8 16. Ne5 e6 17. Nb5 Nd7 18. Nf3 Rc8 19. Rxc8 Qxc8 20. Rc1 Qb8 21.
Rc7 Nc5 22. Ne5 Na6 23. Re7 Bxe5 24. dxe5 Re8 25. Rxe8+ Qxe8 26. Nd6 Qc6 27.
Qd2 Nc5 28. Qg5 Qd7 29. g4 Be4 30. f3 Bb1 31. h4 Bxa2 32. h5 Bxb3 33. h6 f5 34.
gxf5 exf5 35. Bh3 Ne6 36. Bxf5 Nxg5 37. Bxd7 d4 38. Kf2 Kf8 39. Bc8 Nf7 40. Nb5
Nxe5 41. Nxd4 Bd5 42. e4 Bc6 43. Be6 Nf7 44. Bxf7 Kxf7 45. Ke3 g5 46. f4 gxf4+
47. Kxf4 b5 48. e5 Kg6 49. Nc2 Bd7 50. Nd4 Bc6 51. Nc2 Kxh6 52. e6 Kg7 53. Ke5
h5 54. Nd4 Be8 55. Nf5+ Kg6 56. Nd6 Bc6 57. e7 h4 58. Kf4 b4 59. Nxb7 Kf6 60.
Na5 Bd7 61. e8=Q Bxe8 62. Kg4 Ke5 63. Kxh4 Kd4 64. Kg4 Kc5 65. Kf4 Bf7 66. Ke4
Kb6 0-1

[Event "PRO League KO Stage 2017"]
[Site "chess.com INT"]
[Date "2017.03.25"]
[Round "4.6"]
[White "Pantsulaia, L."]
[Black "Carlsen, M."]
[Result "0-1"]
[WhiteElo "2589"]
[BlackElo "2838"]
[PlyCount "50"]
[EventDate "2017.03.01"]
[WhiteTeam "Stockholm Snowballs"]
[BlackTeam "Norway Gnomes"]

1. Nf3 d5 2. g4 Bxg4 3. Bg2 Nd7 4. c4 e6 5. cxd5 exd5 6. Qb3 Nc5 7. Qc2 c6 8.
b3 Nf6 9. Bb2 Ne6 10. Rg1 Bh5 11. Bh1 Bg6 12. d3 Bd6 13. Nbd2 O-O 14. Ne5 Re8
15. Nxg6 hxg6 16. Nf3 Ba3 17. Kf1 Bxb2 18. Qxb2 Nf4 19. Re1 Qd7 20. Qd4 N6h5
21. Ng5 f6 22. Nf3 g5 23. Bg2 Qf5 24. h4 g4 25. Nh2 Ng3+ 0-1

[Event "PRO League KO Stage 2017"]
[Site "chess.com INT"]
[Date "2017.03.25"]
[Round "4.1"]
[White "Pantzar, Milton"]
[Black "Carlsen, M."]
[Result "0-1"]
[WhiteElo "2257"]
[BlackElo "2838"]
[PlyCount "79"]
[EventDate "2017.03.01"]
[WhiteTeam "Stockholm Snowballs"]
[BlackTeam "Norway Gnomes"]

1. d4 e6 2. c4 f5 3. Nf3 Nf6 4. g3 d5 5. Bg2 Bd6 6. O-O O-O 7. b3 b6 8. Ba3
Bxa3 9. Nxa3 Bb7 10. Nc2 dxc4 11. bxc4 Qe7 12. e3 Nbd7 13. Qe2 c5 14. a4 e5 15.
dxc5 Nxc5 16. Na3 Nxa4 17. Qc2 Nc5 18. Nb5 Be4 19. Qb2 a6 20. Nc3 Bxf3 21. Bxf3
e4 22. Be2 Rab8 23. Qa3 Rfd8 24. Rfd1 Qe5 25. Na4 Nd3 26. Bxd3 exd3 27. Qc3 Qe4
28. Nb2 Qc6 29. Rxd3 Ne4 30. Qe5 Ng5 31. Qxf5 Nf3+ 32. Kf1 Nd4 33. Rxd4 Rxd4
34. exd4 Qh1+ 35. Ke2 Re8+ 36. Kd2 Qxa1 37. Qd5+ Kh8 38. Nd1 Qa2+ 39. Kc1 Rc8
40. c5 0-1

[Event "PRO League KO Stage 2017"]
[Site "chess.com INT"]
[Date "2017.03.25"]
[Round "4.2"]
[White "Carlsen, M."]
[Black "Pantsulaia, L."]
[Result "1-0"]
[WhiteElo "2838"]
[BlackElo "2589"]
[PlyCount "91"]
[EventDate "2017.03.01"]
[WhiteTeam "Norway Gnomes"]
[BlackTeam "Stockholm Snowballs"]

1. Nf3 Nf6 2. g3 b6 3. Bg2 Bb7 4. O-O c5 5. d3 e6 6. e4 d6 7. Re1 Nbd7 8. Nbd2
Be7 9. a4 O-O 10. Nc4 a6 11. Bf4 e5 12. Bd2 Re8 13. Ne3 Bf8 14. c4 Bc6 15. Bh3
b5 16. axb5 axb5 17. b3 Rxa1 18. Qxa1 Qa8 19. Nd5 bxc4 20. bxc4 Qxa1 21. Rxa1
Ra8 22. Rxa8 Bxa8 23. Ba5 Bb7 24. Nd2 Ba6 25. Bd8 Nxd5 26. exd5 Nf6 27. Bxf6
gxf6 28. Ne4 Be7 29. Bf5 h6 30. Kg2 Kf8 31. Kh3 Kg7 32. Kg4 Bb7 33. Kh5 Ba6 34.
f3 Bb7 35. Nf2 Bd8 36. Ng4 Ba5 37. Nxh6 Bc3 38. Bd7 Kf8 39. Nf5 e4 40. fxe4 Be5
41. Kg4 Ba6 42. h4 Bb7 43. Kf3 Ba6 44. g4 Bb7 45. Ke2 Ba6 46. Kd1 1-0

[Event "PRO League KO Stage 2017"]
[Site "chess.com INT"]
[Date "2017.03.08"]
[Round "2"]
[White "Aradhya, Garg"]
[Black "Carlsen, M."]
[Result "0-1"]
[WhiteElo "2315"]
[BlackElo "2838"]
[PlyCount "94"]
[EventDate "2017.03.01"]
[WhiteTeam "Delhi Dynamite"]
[BlackTeam "Norway Gnomes"]

1. Nf3 b6 2. c4 Bb7 3. Nc3 Nf6 4. d4 e6 5. a3 d5 6. cxd5 Nxd5 7. e3 g6 8. h4 h6
9. Bb5+ c6 10. Bd3 Nd7 11. e4 Nxc3 12. bxc3 c5 13. Be3 Qc7 14. Qd2 Bg7 15. O-O
Nf6 16. Bf4 Qe7 17. Rfe1 Ng4 18. Bb5+ Kf8 19. dxc5 e5 20. c6 Bxc6 21. Bxc6 Rd8
22. Bd5 exf4 23. Qxf4 Ne5 24. Rad1 Bf6 25. Nd4 Kg7 26. g3 Qxa3 27. h5 Qxc3 28.
hxg6 Nxg6 29. Qf5 Rhe8 30. Nc6 Rc8 31. e5 Nxe5 32. Nxe5 Rxe5 33. Rxe5 Bxe5 34.
Qxf7+ Kh8 35. Be4 Bg7 36. Qf5 Kg8 37. Rd7 Qf6 38. Rxg7+ Kxg7 39. Qg4+ Kf7 40.
Qxc8 Qd4 41. Qc7+ Ke6 42. Bf3 a5 43. Qc6+ Ke7 44. Qxh6 a4 45. Qg5+ Kd6 46. Qb5
a3 47. Qb3 Qc5 0-1

[Event "PRO League KO Stage 2017"]
[Site "chess.com INT"]
[Date "2017.03.08"]
[Round "2"]
[White "Carlsen, M."]
[Black "Grover, S."]
[Result "1-0"]
[WhiteElo "2838"]
[BlackElo "2473"]
[PlyCount "39"]
[EventDate "2017.03.01"]
[WhiteTeam "Norway Gnomes"]
[BlackTeam "Delhi Dynamite"]

1. b3 e5 2. Bb2 Nc6 3. e3 Nge7 4. Nf3 e4 5. Ng5 d5 6. Qh5 Ng6 7. Nc3 Nce5 8.
Be2 c6 9. f4 exf3 10. gxf3 h6 11. Nxf7 Kxf7 12. f4 Nd7 13. Rg1 Qh4+ 14. Kd1
Qxh5 15. Bxh5 Bd6 16. Nb5 Bf8 17. Rxg6 Kg8 18. Nc7 Rb8 19. Ne6 Nf6 20. Nxg7 1-0

[Event "PRO League KO Stage 2017"]
[Site "chess.com INT"]
[Date "2017.03.08"]
[Round "2"]
[White "Carlsen, M."]
[Black "Salem, AR."]
[Result "1-0"]
[WhiteElo "2838"]
[BlackElo "2652"]
[PlyCount "73"]
[EventDate "2017.03.01"]
[WhiteTeam "Norway Gnomes"]
[BlackTeam "Delhi Dynamite"]

1. Nf3 Nf6 2. g3 g6 3. b3 Bg7 4. Bb2 O-O 5. Bg2 d5 6. c4 e6 7. O-O c5 8. cxd5
exd5 9. d4 Ne4 10. Nc3 Nc6 11. Na4 c4 12. bxc4 dxc4 13. Rc1 b5 14. Ne5 Nxe5 15.
Bxe4 Bh3 16. dxe5 bxa4 17. Re1 Rb8 18. Ba3 Re8 19. Bd6 Rc8 20. Bb7 Rc7 21. Bxc7
Qxc7 22. Bd5 c3 23. Qxa4 Rxe5 24. Qf4 Qe7 25. e4 h5 26. Qe3 Rg5 27. Rxc3 Bxc3
28. Qxc3 Kh7 29. Qe3 Kg7 30. f4 Rg4 31. Qc3+ Kh7 32. Rb1 Qd8 33. Rb7 Kh6 34.
Kf2 h4 35. Rxf7 hxg3+ 36. hxg3 Qb6+ 37. Ke2 1-0

[Event "PRO League KO Stage 2017"]
[Site "chess.com INT"]
[Date "2017.03.08"]
[Round "2"]
[White "Gupta, Ab"]
[Black "Carlsen, M."]
[Result "1/2-1/2"]
[WhiteElo "2627"]
[BlackElo "2838"]
[PlyCount "114"]
[EventDate "2017.03.01"]
[WhiteTeam "Delhi Dynamite"]
[BlackTeam "Norway Gnomes"]

1. d4 Nf6 2. c4 c6 3. Nc3 d5 4. Nf3 a6 5. a4 e6 6. g3 Bb4 7. Bg2 O-O 8. O-O
Nbd7 9. Qc2 Qe7 10. a5 dxc4 11. Bg5 e5 12. Ne4 exd4 13. Nxd4 h6 14. Bh4 Qe5 15.
Qxc4 Nxe4 16. Qxb4 c5 17. Nf3 cxb4 18. Nxe5 Nxe5 19. Bxe4 Re8 20. Bd5 Nc6 21.
f4 Rxe2 22. Rfe1 Rxe1+ 23. Rxe1 Be6 24. Bxe6 Re8 25. Bxf7+ Kxf7 26. Rd1 Nxa5
27. f5 b6 28. Rd4 Nc6 29. Rd7+ Kf8 30. Rd6 Re1+ 31. Kg2 Rc1 32. g4 a5 33. Bf2
a4 34. Bxb6 a3 35. bxa3 bxa3 36. Rd2 Kf7 37. Bf2 Rc4 38. Rd7+ Ke8 39. Rxg7 a2
40. Rg8+ Kf7 41. Ra8 Rxg4+ 42. Kf3 Ne5+ 43. Ke3 Kf6 44. Rxa2 Kxf5 45. Bg3 Re4+
46. Kf2 h5 47. h3 Nd3+ 48. Kf3 Ne1+ 49. Kf2 Nd3+ 50. Kg2 Nf4+ 51. Kf3 Rd4 52.
Ra5+ Rd5 53. Rxd5+ Nxd5 54. Bf2 Nf4 55. Kg3 h4+ 56. Kxh4 Nxh3 57. Kg3 Nxf2
1/2-1/2

[Event "PRO League Group Stage"]
[Site "chess.com INT"]
[Date "2017.02.22"]
[Round "7"]
[White "Lenic, L."]
[Black "Carlsen, M."]
[Result "1/2-1/2"]
[WhiteElo "2641"]
[BlackElo "2840"]
[PlyCount "109"]
[EventDate "2017.01.11"]
[WhiteTeam "Ljubljana Direwolves"]
[BlackTeam "Norway Gnomes"]

1. d4 Nf6 2. c4 e6 3. Nc3 Bb4 4. Qc2 O-O 5. Nf3 d6 6. Bd2 Nbd7 7. a3 Bxc3 8.
Bxc3 Qe7 9. e3 b6 10. Bd3 e5 11. dxe5 dxe5 12. Nd2 Nc5 13. Be2 Bb7 14. O-O Nfe4
15. b4 Nxc3 16. Qxc3 Nd7 17. c5 bxc5 18. Rfc1 Bd5 19. bxc5 Nf6 20. Rab1 Rfd8
21. Nf3 Re8 22. c6 Qd6 23. Qc5 Qe6 24. Rb7 Ne4 25. Qa5 Bxc6 26. Bc4 Qxc4 27.
Rxc4 Bxb7 28. Rxc7 Rad8 29. h3 Bd5 30. Rxa7 Be6 31. Qe1 h6 32. Rc7 Rd5 33. Rc1
Red8 34. a4 Nc5 35. Ra1 Nb3 36. Rb1 e4 37. Nd4 Nxd4 38. exd4 Rxd4 39. a5 Ra4
40. Ra1 Ba2 41. Qe2 Bc4 42. Qb2 Rxa1+ 43. Qxa1 Ba6 44. Qe5 Bd3 45. Qc7 Ra8 46.
Kh2 g6 47. Kg3 Re8 48. Kf4 Re6 49. Ke3 Ba6 50. Qc5 Kg7 51. Qd4+ Kg8 52. Qd8+
Kg7 53. Qd4+ Kg8 54. Qd8+ Kg7 55. Qd4+ 1/2-1/2

[Event "PRO League Group Stage"]
[Site "chess.com INT"]
[Date "2017.02.22"]
[Round "7"]
[White "Carlsen, M."]
[Black "Pavasovic, D."]
[Result "1-0"]
[WhiteElo "2840"]
[BlackElo "2548"]
[PlyCount "77"]
[EventDate "2017.01.11"]
[WhiteTeam "Norway Gnomes"]
[BlackTeam "Ljubljana Direwolves"]

1. e4 e5 2. Bc4 Nf6 3. d3 Nc6 4. Nf3 Be7 5. O-O O-O 6. Re1 d6 7. a4 Na5 8. Ba2
c5 9. Nbd2 Be6 10. Bxe6 fxe6 11. c3 Nc6 12. Nf1 Ne8 13. Ng3 Nc7 14. Bd2 a6 15.
Qe2 Qd7 16. h4 Bf6 17. Ng5 h6 18. Qg4 Qe8 19. Nf3 Kh8 20. h5 Qf7 21. Be3 Be7
22. Qh3 d5 23. Nf1 d4 24. Bd2 Ne8 25. a5 Rb8 26. Re2 b6 27. axb6 Rxb6 28. Bc1
Nf6 29. N1d2 Nxh5 30. Nc4 Rb7 31. Rxa6 Nd8 32. Ncxe5 Qe8 33. cxd4 cxd4 34. Qg4
Kh7 35. Nxd4 Bf6 36. Nxe6 Nxe6 37. Rxe6 Qc8 38. Bxh6 Bxe5 39. Qg6+ 1-0

[Event "PRO League Group Stage"]
[Site "chess.com INT"]
[Date "2017.02.22"]
[Round "7"]
[White "Beletic, D."]
[Black "Carlsen, M."]
[Result "0-1"]
[WhiteElo "2286"]
[BlackElo "2840"]
[PlyCount "124"]
[EventDate "2017.01.11"]
[WhiteTeam "Ljubljana Direwolves"]
[BlackTeam "Norway Gnomes"]

1. d4 Nf6 2. Nf3 e6 3. Bg5 h6 4. Bh4 Be7 5. Nbd2 c5 6. e3 b6 7. c3 Bb7 8. Bd3
Nc6 9. a3 O-O 10. O-O d6 11. Qe2 Nh5 12. Bxe7 Qxe7 13. Ba6 Nf6 14. Bxb7 Qxb7
15. Rad1 Rfd8 16. Rfe1 Rac8 17. h3 a6 18. Nf1 Na5 19. Ng3 cxd4 20. exd4 Nc4 21.
Rb1 b5 22. Nd2 a5 23. Nxc4 bxc4 24. Nh5 Qe7 25. Nxf6+ Qxf6 26. Qc2 Rc7 27. Qa4
Qf5 28. Rbc1 Rb8 29. Qc2 Qd5 30. Qe2 Rcb7 31. Rc2 Rb3 32. Rd1 g6 33. Rdd2 Kg7
34. Qe3 R8b5 35. f3 Qc6 36. Qe2 h5 37. h4 Rf5 38. Qe3 Qd5 39. Re2 Rb8 40. Qe4
Qxe4 41. Rxe4 d5 42. Re3 g5 43. hxg5 Rxg5 44. Kh2 Kf6 45. g3 Rbg8 46. Rg2 Ke7
47. Kh3 Kd6 48. a4 f6 49. f4 Rg4 50. Rge2 Re8 51. Re1 f5 52. Re5 Kd7 53. R5e3
h4 54. gxh4 Rh8 55. Rg3 Rgxh4+ 56. Kg2 Rh2+ 57. Kf3 Rxb2 58. Rg7+ Kd6 59. Kg3
Rbh2 60. Kf3 R8h3+ 61. Rg3 Rxg3+ 62. Kxg3 Ra2 0-1

[Event "PRO League Group Stage"]
[Site "chess.com INT"]
[Date "2017.02.22"]
[Round "7"]
[White "Carlsen, M."]
[Black "Sebenik, M."]
[Result "1-0"]
[WhiteElo "2840"]
[BlackElo "2534"]
[PlyCount "120"]
[EventDate "2017.01.11"]
[WhiteTeam "Norway Gnomes"]
[BlackTeam "Ljubljana Direwolves"]

1. e4 c5 2. Nf3 Nc6 3. Nc3 g6 4. g3 Bg7 5. Bg2 d6 6. O-O e5 7. d3 Nge7 8. Nd2
O-O 9. Nc4 Be6 10. a4 h6 11. Ne3 Qd7 12. Ncd5 Bh3 13. Bxh3 Qxh3 14. c3 Nxd5 15.
Nxd5 Kh7 16. Qf3 f5 17. Qg2 Qxg2+ 18. Kxg2 Rf7 19. exf5 gxf5 20. f4 Re8 21. Bd2
Ne7 22. Nc7 Rg8 23. Rae1 Ng6 24. Nd5 h5 25. Kh3 Bh6 26. Re2 Ne7 27. Nxe7 Rxe7
28. fxe5 Bxd2 29. Rxd2 Rxe5 30. d4 cxd4 31. Rxd4 d5 32. Rfd1 Rg4 33. Rxd5 Rxd5
34. Rxd5 Rxa4 35. Rxf5 Kg6 36. Rf4 Ra5 37. Rb4 b6 38. Kh4 Re5 39. h3 b5 40. Rd4
a5 41. Rd6+ Kg7 42. Rc6 a4 43. Rd6 Kh7 44. Rd4 Rc5 45. Rd3 Kg6 46. Rd6+ Kg7 47.
Ra6 Kh7 48. Ra5 Kg6 49. g4 hxg4 50. hxg4 Kf6 51. Ra6+ Kg7 52. g5 b4 53. cxb4
Rc4+ 54. Kh5 Rxb4 55. Ra7+ Kg8 56. Kh6 Rxb2 57. Ra8+ Kf7 58. g6+ Kf6 59. Ra6+
Ke7 60. Rxa4 Rb8 1-0

[Event "PRO League Group Stage"]
[Site "chess.com INT"]
[Date "2017.02.15"]
[Round "6"]
[White "Grover, S."]
[Black "Carlsen, M."]
[Result "1/2-1/2"]
[WhiteElo "2467"]
[BlackElo "2840"]
[PlyCount "136"]
[EventDate "2017.01.11"]
[WhiteTeam "Delhi Dynamite"]
[BlackTeam "Norway Gnomes"]

1. e4 g6 2. d4 d6 3. Nc3 Bg7 4. Nf3 Nf6 5. h3 O-O 6. Be2 Nc6 7. O-O e5 8. dxe5
Nxe5 9. Nxe5 dxe5 10. Bg5 c6 11. Qxd8 Rxd8 12. f4 Rd4 13. Rad1 Be6 14. f5 gxf5
15. exf5 Bc4 16. Bxc4 Rxc4 17. Rfe1 Nd5 18. Nxd5 cxd5 19. Rxd5 h6 20. Bd2 Rxc2
21. Bc3 Re8 22. Re4 Re7 23. Kf1 f6 24. Re2 Rc1+ 25. Re1 Rxe1+ 26. Kxe1 h5 27.
Ke2 Bh6 28. Rd8+ Kf7 29. Kd3 e4+ 30. Ke2 Rc7 31. Rh8 Kg7 32. Re8 e3 33. Re6 Bg5
34. h4 Bxh4 35. Kxe3 Bg5+ 36. Ke4 h4 37. Rd6 Rc4+ 38. Rd4 Rc7 39. Rd6 Re7+ 40.
Re6 Rd7 41. Bb4 Kh6 42. Re7 Rd1 43. Rxb7 Rf1 44. Bd6 a5 45. a4 Kh5 46. b4 axb4
47. a5 Ra1 48. Bxb4 Kg4 49. Bc3 Ra3 50. Bb4 Ra2 51. Kd5 Rxg2 52. a6 Ra2 53. a7
Be3 54. Bc5 Bxc5 55. Kxc5 h3 56. Rh7 Kxf5 57. Kb6 Kg4 58. Rh8 f5 59. a8=Q Rxa8
60. Rxa8 f4 61. Kc5 f3 62. Kd4 f2 63. Ra1 Kf3 64. Kd3 h2 65. Kd2 Kg2 66. Ke2
f1=Q+ 67. Rxf1 h1=Q 68. Rxh1 Kxh1 1/2-1/2

[Event "PRO League Group Stage"]
[Site "chess.com INT"]
[Date "2017.02.15"]
[Round "6"]
[White "Aradhya, Garg"]
[Black "Carlsen, M."]
[Result "0-1"]
[WhiteElo "2230"]
[BlackElo "2840"]
[PlyCount "98"]
[EventDate "2017.01.11"]
[WhiteTeam "Delhi Dynamite"]
[BlackTeam "Norway Gnomes"]

1. e4 g6 2. d4 d6 3. Nf3 Nf6 4. Nc3 Bg7 5. Be2 O-O 6. O-O a6 7. e5 Nfd7 8. exd6
cxd6 9. Bf4 b5 10. a3 Bb7 11. Re1 Nf6 12. h3 Nbd7 13. a4 b4 14. Na2 Nd5 15. Bd2
a5 16. c3 bxc3 17. Nxc3 Nxc3 18. Bxc3 Nf6 19. Nd2 Nd5 20. Bf3 e6 21. Nc4 Qc7
22. Bxd5 Bxd5 23. Ne3 Qb7 24. Qd2 Rfb8 25. Bxa5 Bh6 26. Bc3 Bxg2 27. d5 Bxh3
28. Qd4 e5 29. Qh4 Bxe3 30. Rxe3 Bf5 31. Qf6 Ra6 32. f4 Qb6 33. Rae1 Rxa4 34.
fxe5 Rg4+ 35. Kh2 dxe5 36. Qxb6 Rh4+ 37. Kg3 Rg4+ 38. Kh2 Rxb6 39. Rxe5 f6 40.
Re8+ Kg7 41. Bd2 g5 42. R1e7+ Kh6 43. Rf8 Rxb2 44. Rxf6+ Kh5 45. Rxf5 Rxd2+ 46.
Kh3 h6 47. Re6 Rgd4 48. Rff6 R4d3+ 49. Rf3 Rxf3# 0-1

[Event "PRO League Group Stage"]
[Site "chess.com INT"]
[Date "2017.02.15"]
[Round "6"]
[White "Carlsen, M."]
[Black "Nihal, Sarin"]
[Result "1-0"]
[WhiteElo "2840"]
[BlackElo "2340"]
[PlyCount "131"]
[EventDate "2017.01.11"]
[WhiteTeam "Norway Gnomes"]
[BlackTeam "Delhi Dynamite"]

1. e4 c6 2. d4 d5 3. e5 Bf5 4. Be3 e6 5. Nd2 h6 6. c3 Nd7 7. f4 Ne7 8. Ngf3 Bh7
9. Bf2 Rc8 10. Nb3 Be4 11. Nfd2 Bh7 12. Be2 Nf5 13. O-O Be7 14. Nf3 a6 15. g4
Nh4 16. Bxh4 Bxh4 17. Bd3 Bxd3 18. Qxd3 c5 19. f5 c4 20. Qb1 O-O 21. Nbd2 Bg5
22. Qe1 Re8 23. Qg3 Bxd2 24. Nxd2 f6 25. Rae1 Qb6 26. Rf2 Rf8 27. Nf3 fxe5 28.
Nxe5 Nf6 29. g5 hxg5 30. Qxg5 exf5 31. Rg2 Rc7 32. Ng6 Ne4 33. Qh5 Re8 34. Rf1
Nf6 35. Qh8+ Kf7 36. Ne5+ Ke7 37. Qxg7+ Kd8 38. Nf7+ Kc8 39. Rxf5 Re1+ 40. Rf1
Rxf1+ 41. Kxf1 Kb8 42. Qf8+ Ka7 43. Nd6 Ne4 44. Nxe4 dxe4 45. Qf4 Rh7 46. Rf2
Qe6 47. Ke1 e3 48. Re2 Rh3 49. Qe5 Qg4 50. Rxe3 Qg1+ 51. Kd2 Rxh2+ 52. Re2
Rxe2+ 53. Qxe2 Qb1 54. Ke3 Qxa2 55. d5 Qb3 56. Kf4 Qb6 57. Qe3 Qxe3+ 58. Kxe3
b5 59. Kd4 Kb6 60. Ke5 Kc7 61. Ke6 Kd8 62. Kd6 a5 63. Kc5 b4 64. cxb4 c3 65.
bxc3 a4 66. Kc4 1-0

[Event "PRO League Group Stage"]
[Site "chess.com INT"]
[Date "2017.02.15"]
[Round "6"]
[White "Carlsen, M."]
[Black "Gupta, Ab"]
[Result "1-0"]
[WhiteElo "2840"]
[BlackElo "2645"]
[PlyCount "123"]
[EventDate "2017.01.11"]
[WhiteTeam "Norway Gnomes"]
[BlackTeam "Delhi Dynamite"]

1. b3 Nf6 2. Bb2 g6 3. g3 Bg7 4. Bg2 O-O 5. Nf3 d5 6. c4 c6 7. O-O Nbd7 8. d4
Ne4 9. e3 a5 10. Ne1 a4 11. Nd3 axb3 12. axb3 Rxa1 13. Bxa1 Qa5 14. Bb2 Ndf6
15. c5 Ng4 16. Qe2 Bh6 17. Bc1 Qa1 18. Qb2 Qa6 19. Rd1 Bf5 20. Bf1 Ng5 21. Ne1
Qa5 22. b4 Qa8 23. f3 Nf6 24. h4 Ne6 25. Nc3 g5 26. g4 Nxg4 27. fxg4 Bxg4 28.
Be2 f5 29. Bxg4 fxg4 30. Qg2 Kh8 31. Qxg4 Rf6 32. h5 Qa1 33. Bd2 Qb2 34. Nd3
Qc2 35. Ne5 Bg7 36. Qe2 g4 37. Qd3 Qb2 38. Rb1 Qa3 39. Nxg4 Rf3 40. Kg2 Ng5 41.
h6 Bf6 42. Rf1 Rxf1 43. Kxf1 Ne4 44. Ke2 Ng3+ 45. Kd1 Qb3+ 46. Qc2 Qc4 47. Nxf6
exf6 48. Qa2 Qf1+ 49. Kc2 Qf5+ 50. Kb3 Qc8 51. Qb1 Nf5 52. Qf1 Kg8 53. Qf4 Kf7
54. b5 Ne7 55. b6 Qa8 56. e4 Qa6 57. e5 Qc4+ 58. Kc2 f5 59. Qg5 Ke8 60. Qf6 Ng8
61. Qg7 Ne7 62. e6 1-0

[Event "PRO League Group Stage"]
[Site "chess.com INT"]
[Date "2017.02.11"]
[Round "5"]
[White "Caruana, F."]
[Black "Carlsen, M."]
[Result "1/2-1/2"]
[WhiteElo "2827"]
[BlackElo "2840"]
[PlyCount "171"]
[EventDate "2017.01.11"]
[WhiteTeam "Montreal ChessBrahs"]
[BlackTeam "Norway Gnomes"]

1. Nf3 Nf6 2. g3 b5 3. e3 a6 4. Bg2 Bb7 5. O-O g6 6. b3 Bg7 7. Bb2 O-O 8. d4 d6
9. Nbd2 Nbd7 10. Qe2 c5 11. c4 Ne4 12. Nxe4 Bxe4 13. cxb5 axb5 14. Qxb5 Ra7 15.
Qe2 Qa8 16. Bc3 Nb6 17. dxc5 Bxc3 18. cxb6 Ra3 19. Rac1 Rxa2 20. Qd1 Bf6 21.
Ne1 Ra6 22. Rc4 Bxg2 23. Nxg2 Rxb6 24. Nf4 e6 25. Qc2 d5 26. Rc5 Rfb8 27. Rb1
Be7 28. Rc3 Bb4 29. Rc7 Bd6 30. Rc3 d4 31. exd4 Bxf4 32. gxf4 Qd5 33. Rc8+ Kg7
34. Rxb8 Rxb8 35. Qc5 Rxb3 36. Rxb3 Qxb3 37. Qe5+ f6 38. Qe2 Qd5 39. Qe3 Kf7
40. h3 Qf5 41. Kg2 Kg7 42. Kg3 Kh6 43. h4 Kg7 44. Qe2 Qd5 45. Qe3 Kf7 46. Qc3
Qb7 47. Qc4 Qb6 48. Qc3 Kg7 49. Qe3 Qc6 50. Qa3 Qd7 51. Qe3 Qd5 52. Qe2 Kf7 53.
Qe3 Qh1 54. Qb3 h5 55. Qb5 Qg1+ 56. Kf3 Qd1+ 57. Ke3 Qe1+ 58. Kf3 Qc3+ 59. Kg2
Qxd4 60. Qb7+ Kf8 61. Qb8+ Ke7 62. Qc7+ Qd7 63. Qb8 Qc6+ 64. Kg3 Qe8 65. Qc7+
Qd7 66. Qb8 Qd8 67. Qb7+ Kf8 68. Qh7 Qd3+ 69. f3 Qf5 70. Qh8+ Ke7 71. Qg7+ Kd6
72. Qf8+ Kd5 73. Qa8+ Kd4 74. Qa1+ Kc4 75. Qa4+ Kc3 76. Qa3+ Kd2 77. Qb2+ Kd3
78. Qb1+ Kc4 79. Qa2+ Kb5 80. Qb3+ Kc6 81. Qa4+ Qb5 82. Qe4+ Kd6 83. Qxg6 Qf1
84. Qxf6 Qg1+ 85. Kh3 Qh1+ 86. Kg3 1/2-1/2

[Event "PRO League Group Stage"]
[Site "chess.com INT"]
[Date "2017.02.11"]
[Round "5"]
[White "Oussedik, E."]
[Black "Carlsen, M."]
[Result "0-1"]
[WhiteElo "2155"]
[BlackElo "2840"]
[PlyCount "80"]
[EventDate "2017.01.11"]
[WhiteTeam "Montreal ChessBrahs"]
[BlackTeam "Norway Gnomes"]

1. d4 Nf6 2. c4 e6 3. Nf3 b6 4. g3 Ba6 5. Qa4 Bb7 6. Bg2 Be7 7. O-O O-O 8. Rd1
Qc8 9. Nc3 Ne4 10. Qc2 Nxc3 11. Qxc3 d6 12. Bh3 Nd7 13. d5 e5 14. Bg5 Qe8 15.
Bxe7 Qxe7 16. b4 a5 17. a3 f5 18. Rac1 g6 19. Qe3 Nf6 20. Nd4 Rfe8 21. Nb5 Ba6
22. Qb3 axb4 23. axb4 Bxb5 24. cxb5 Ra7 25. Rc2 Rea8 26. Rdc1 Ra1 27. Qc3 Rxc1+
28. Rxc1 Ra7 29. Qc4 e4 30. Bg2 Qe5 31. Rd1 Kf8 32. f4 Qb2 33. h3 Nh5 34. Kh2
Qa3 35. g4 Qg3+ 36. Kh1 Nxf4 37. Bxe4 Nxh3 38. Bg2 Nf2+ 39. Kg1 Nxd1 40. Qd4
Qe3+ 0-1

[Event "PRO League Group Stage"]
[Site "chess.com INT"]
[Date "2017.02.11"]
[Round "5"]
[White "Carlsen, M."]
[Black "Hambleton, A."]
[Result "1/2-1/2"]
[WhiteElo "2840"]
[BlackElo "2441"]
[PlyCount "171"]
[EventDate "2017.01.11"]
[WhiteTeam "Norway Gnomes"]
[BlackTeam "Montreal ChessBrahs"]

1. d4 Nf6 2. Nf3 e6 3. Bg5 h6 4. Bh4 b6 5. e3 Bb7 6. Bd3 c5 7. c3 Be7 8. O-O
Ne4 9. Bxe7 Qxe7 10. Nbd2 Nxd2 11. Nxd2 O-O 12. Qe2 d6 13. Rfd1 Nd7 14. e4 cxd4
15. cxd4 Rac8 16. f3 d5 17. e5 Qb4 18. Nb3 a5 19. Qd2 Qxd2 20. Nxd2 Nb8 21. Nb1
Ba6 22. Bxa6 Nxa6 23. Nc3 Rc4 24. Kf2 Nb4 25. Rd2 Nc6 26. Nb5 a4 27. Rad1 Na5
28. Nd6 Rc6 29. Rd3 Nc4 30. Rc3 a3 31. Nxc4 axb2 32. Rb1 b5 33. Rxb2 bxc4 34.
a4 Ra8 35. Ra3 c3 36. Rc2 Ra5 37. Ke3 g5 38. Raxc3 Rxc3+ 39. Rxc3 Rxa4 40. Rd3
Kg7 41. Rd2 Ra3+ 42. Kf2 Ra4 43. g4 f6 44. Rb2 Rxd4 45. Rb7+ Kg6 46. Re7 fxe5
47. Rxe6+ Kf7 48. Rxe5 Rd2+ 49. Kg3 Kf6 50. Rf5+ Kg6 51. h4 Rd3 52. h5+ Kg7 53.
Re5 Rd2 54. Re7+ Kg8 55. Rd7 Kh8 56. Rd8+ Kg7 57. Rd6 Kh7 58. Rg6 d4 59. Rd6
Kg7 60. Rd7+ Kg8 61. Re7 Kh8 62. Re6 Kh7 63. Rg6 Rc2 64. Rf6 Rd2 65. f4 Rd3+
66. Kf2 gxf4 67. Rxf4 Rd2+ 68. Kf3 Kg7 69. Ke4 Rd1 70. Rf3 d3 71. Rxd3 Rxd3 72.
Kxd3 Kf6 73. Ke4 Kg5 74. Kf3 Kf6 75. Kf4 Ke6 76. Kf3 Kf6 77. Kg3 Kg5 78. Kh3
Kf6 79. Kh4 Ke6 80. Kg3 Kf6 81. Kf4 Ke6 82. g5 hxg5+ 83. Kxg5 Kf7 84. h6 Kg8
85. Kg6 Kh8 86. h7 1/2-1/2

[Event "Magnus Inv Simul 2017"]
[Site "Oslo NOR"]
[Date "2017.02.08"]
[Round "2.3"]
[White "Carlsen, M."]
[Black "Fossan, E."]
[Result "0-1"]
[WhiteElo "2838"]
[BlackElo "2344"]
[PlyCount "114"]
[EventDate "2017.02.08"]

1. Nf3 c5 2. g3 g6 3. c3 Bg7 4. d4 cxd4 5. cxd4 Nf6 6. Bg2 O-O 7. O-O d5 8. Ne5
Nfd7 9. Nxd7 Qxd7 10. Nc3 Nc6 11. Nxd5 e6 12. Nc3 Nxd4 13. Be3 e5 14. Rc1 Rb8
15. Nd5 Qb5 16. Bxd4 exd4 17. Qd2 Be6 18. Nc7 Qd7 19. Nxe6 Qxe6 20. b4 Rfe8 21.
Bf3 b6 22. Rc6 Qe5 23. Rfc1 Re7 24. a4 h5 25. h4 Qf5 26. Rd6 Rc8 27. Rxc8+ Qxc8
28. Rc6 Rc7 29. b5 Be5 30. Qg5 Rxc6 31. bxc6 Qc7 32. Bxh5 Qxc6 33. Qxe5 gxh5
34. Qxd4 a6 35. Qd8+ Kg7 36. Qg5+ Kf8 37. Qxh5 Qxa4 38. Qh8+ Ke7 39. Qe5+ Kf8
40. h5 Kg8 41. Qg5+ Kh7 42. Qf5+ Kg7 43. h6+ Kxh6 44. Qf6+ Kh7 45. Qxf7+ Kh8
46. Qf6+ Kg8 47. Qg6+ Kf8 48. e4 Qa1+ 49. Kg2 a5 50. Qd6+ Ke8 51. e5 Qb1 52. e6
Qe4+ 53. f3 Qc2+ 54. Kh3 Qf5+ 55. Kh4 Qf6+ 56. Kg4 Qe7 57. Qxb6 Qb4+ 0-1

[Event "79th Tata Steel GpA"]
[Site "Wijk aan Zee NED"]
[Date "2017.01.29"]
[Round "13.1"]
[White "Carlsen, M."]
[Black "Karjakin, Sergey"]
[Result "1/2-1/2"]
[WhiteElo "2840"]
[BlackElo "2785"]
[PlyCount "105"]
[EventDate "2017.01.14"]

1. e4 e5 2. Nf3 Nc6 3. Bc4 Bc5 4. c3 Nf6 5. d3 O-O 6. Bg5 d6 7. Nbd2 h6 8. Bh4
g5 9. Nxg5 hxg5 10. Bxg5 Kg7 11. Qf3 Be6 12. b4 Bb6 13. Bd5 a5 14. b5 Nb8 15.
Bxb7 Ra7 16. Bd5 Nbd7 17. Nc4 Bxd5 18. exd5 Qe8 19. Ne3 Rg8 20. O-O Nh7 21.
Nf5+ Kh8 22. Bh4 Ra8 23. Rae1 f6 24. Re4 Nc5 25. Re3 Nd7 26. d4 Qg6 27. Ne7 Qg4
28. Nxg8 Rxg8 29. Qxg4 Rxg4 30. g3 exd4 31. cxd4 Bxd4 32. Re8+ Rg8 33. Re7 Rg7
34. Re4 Ne5 35. Kg2 Bb6 36. f4 Ng6 37. Kh3 Kg8 38. Rfe1 Kf7 39. Re6 Rg8 40.
R1e4 f5 41. Re2 Rh8 42. a4 Kg7 43. Rxg6+ Kxg6 44. Re6+ Kf7 45. Re7+ Kg8 46. Kg2
Nf8 47. Bg5 Rh7 48. Re8 Kf7 49. Rd8 Kg8 50. Re8 Rf7 51. Bh6 Rf6 52. Bg5 Rf7 53.
Bh6 1/2-1/2